[Event "Deizisau op 12th"]
[White "Gschnitzer, Adrian"]
[Black "Smolka, Alexander"]
[Site "Deizisau"]
[Round "3"]
[Result "1/2-1/2"]
[Date "2017.10.29"]
[WhiteElo "2345"]
[BlackElo "2094"]
[PlyCount "78"]
[EventDate "2017.10.28"]
[EventType "swiss"]
[EventRounds "7"]
[EventCountry "GER"]
[SourceTitle "CBM 181 Extra"]
[Source "ChessBase"]
[SourceDate "2017.12.12"]
[SourceVersion "1"]
[SourceVersionDate "2017.12.12"]
[SourceQuality "1"]

1. e4 e5 2. Nf3 Nc6 3. Bc4 Nf6 4. d3 Be7 5. 0-0 0-0 6. Re1 d6 7. c3 Na5 8. Bb5 a6 9. Ba4 c5 10. Nbd2 b5 11. Bc2 Nc6 12. Nf1 h6 13. Ng3 Re8 14. h3 Bf8 15. Nh2 d5 16. Qf3 d4 17. Ng4 Nxg4 18. hxg4 g6 19. Bb3 Ra7 20. Nf1 Be6 21. Bd5 Qd6 22. c4 Nb4 23. Qd1 bxc4 24. dxc4 Bxd5 25. cxd5 c4 26. a3 Nd3 27. Re2 Qd7 28. f3 Rb7 29. Nd2 Qb5 30. Qc2 Nxc1 31. Qxc1 Qxb2 32. Re1 d3 33. Qxb2 Rxb2 34. Nxc4 Rc2 35. Ne3 Bc5 36. Kf1 Rc3 37. Nd1 Rc2 38. Ne3 Rc3 39. Nd1 Rc2 1/2-1/2

[Event "Oberliga Wuerttemberg 1718"]
[White "Pogan, Nikolas"]
[Black "Smolka, Alexander"]
[Site "Wuerttemberg"]
[Round "2"]
[Result "1/2-1/2"]
[Date "2017.10.08"]
[WhiteElo "2223"]
[BlackElo "2097"]
[PlyCount "105"]
[EventDate "2017.09.17"]
[EventType "team-tourn"]
[EventRounds "9"]
[EventCountry "GER"]
[SourceTitle "EXT 2019"]
[Source "ChessBase"]
[SourceDate "2018.10.10"]
[SourceVersion "1"]
[SourceVersionDate "2018.10.10"]
[SourceQuality "1"]
[WhiteTeam "Heilbronn"]
[BlackTeam "Stuttgart Wolfbusch"]
[WhiteTeamCountry "GER"]
[BlackTeamCountry "GER"]

1. d4 e6 2. Nf3 f5 3. g3 Nf6 4. Bg2 Be7 5. 0-0 0-0 6. Nbd2 d6 7. b3 Ne4 8. Nxe4 fxe4 9. Ne1 d5 10. f3 c5 11. c3 cxd4 12. cxd4 exf3 13. exf3 Nc6 14. Bb2 Qb6 15. f4 Bf6 16. Nf3 Bd7 17. Kh1 a5 18. Ne5 Nxe5 19. dxe5 Be7 20. Bd4 Qa6 21. Qg4 Qd3 22. Rfd1 Qf5 23. Qxf5 Rxf5 24. Rac1 Bd8 25. Be3 Rf8 26. Bc5 Re8 27. f5 Rc8 28. Bd6 Bg5 29. Rxc8 Rxc8 30. fxe6 Bxe6 31. Bxd5 Bxd5+ 32. Rxd5 b6 33. h4 Bh6 34. e6 g6 35. Be5 Bf8 36. Bf6 Re8 37. Re5 Bg7 38. Bxg7 Kxg7 39. e7 Kf7 40. Rb5 Rxe7 41. Rxb6 Re1+ 42. Kg2 Re2+ 43. Kf3 Rxa2 44. Rb7+ Kf6 45. Rxh7 Ra3 46. Kf4 Rxb3 47. Ra7 Rb4+ 48. Kf3 a4 49. Ra6+ Kf7 50. Ra7+ Kf6 51. Ra6+ Kf7 52. Ra7+ Kf6 53. Ra6+ 1/2-1/2

[Event "Ruhrgebiet Regionalliga 0910"]
[White "Webb, Laurence"]
[Black "Smolka, Alexander"]
[Site "Germany"]
[Round "3.2"]
[Result "1-0"]
[Date "2009.11.08"]
[WhiteElo "2331"]
[BlackElo "2110"]
[PlyCount "71"]
[EventDate "2009.09.06"]
[EventType "team-tourn"]
[EventRounds "9"]
[EventCountry "GER"]
[SourceTitle "EXT 2011"]
[Source "ChessBase"]
[SourceDate "2010.11.26"]
[SourceVersion "1"]
[SourceVersionDate "2010.11.26"]
[SourceQuality "1"]
[WhiteTeam "Brackel"]
[BlackTeam "Dortmund Hansa III"]
[WhiteTeamCountry "GER"]
[BlackTeamCountry "GER"]

1. e4 c5 2. Nf3 Nc6 3. Bb5 Nf6 4. e5 Nd5 5. Nc3 Nc7 6. Bxc6 dxc6 7. d3 g6 8. 0-0 Bg7 9. Ne4 b6 10. Re1 0-0 11. h3 Be6 12. b3 Qd7 13. Bf4 h6 14. Qd2 Kh7 15. Rad1 Rad8 16. Bg3 Bd5 17. Qf4 f5 18. exf6 Ne6 19. Qh4 exf6 20. c4 Bxe4 21. Rxe4 Rfe8 22. Rde1 Nf8 23. Rxe8 Rxe8 24. Rxe8 Qxe8 25. Qe4 Qd7 26. h4 f5 27. Qe3 Ne6 28. Be5 Bxe5 29. Qxe5 Nd4 30. Nxd4 cxd4 31. c5 bxc5 32. Qxc5 Kg7 33. Qe5+ Kf7 34. Qh8 Ke6 35. Qxh6 Qf7 36. h5 1-0

[Event "Dortmund Sparkassen op"]
[White "Richter, Goetz"]
[Black "Smolka, Alexander"]
[Site "Dortmund"]
[Round "8"]
[Result "0-1"]
[Date "2008.07.05"]
[WhiteElo "2073"]
[BlackElo "2102"]
[PlyCount "74"]
[EventDate "2008.06.30"]
[EventType "swiss"]
[EventRounds "9"]
[EventCountry "GER"]
[SourceTitle "CBM 125 Extra"]
[Source "ChessBase"]
[SourceDate "2008.09.01"]
[SourceVersion "1"]
[SourceVersionDate "2008.09.01"]
[SourceQuality "1"]

1. Nf3 c5 2. e4 Nc6 3. d4 cxd4 4. Nxd4 Nf6 5. Nc3 d6 6. Bg5 e6 7. Qd2 a6 8. 0-0-0 Bd7 9. Nxc6 Bxc6 10. Bh4 Nxe4 11. Nxe4 Qxh4 12. Nxd6+ Bxd6 13. Qxd6 Rd8 14. Qxd8+ Qxd8 15. Rxd8+ Kxd8 16. Bd3 Ke7 17. f4 h6 18. Re1 g5 19. g3 Kf6 20. Kd2 gxf4 21. gxf4 Rg8 22. Ke3 Rg4 23. Rf1 Ke7 24. Rf2 Kd6 25. b4 Rg1 26. c4 h5 27. Bc2 Ra1 28. Bb3 h4 29. c5+ Ke7 30. Bc4 Re1+ 31. Kd4 Re4+ 32. Kd3 f5 33. a3 Kf6 34. Kc3 Re3+ 35. Kb2 e5 36. fxe5+ Kxe5 37. Bb3 f4 0-1

[Event "Muensterland op 25th"]
[White "Smolka, Alexander"]
[Black "Seegers, Hendrik"]
[Site "Senden"]
[Round "8"]
[Result "1-0"]
[Date "2007.10.05"]
[WhiteElo "2025"]
[BlackElo "2216"]
[PlyCount "49"]
[EventDate "2007.09.29"]
[EventType "swiss"]
[EventRounds "9"]
[EventCountry "GER"]
[SourceTitle "EXT 2008"]
[Source "ChessBase"]
[SourceDate "2007.11.25"]
[SourceVersion "1"]
[SourceVersionDate "2007.11.25"]
[SourceQuality "1"]

1. e4 c6 2. d4 d5 3. Nc3 dxe4 4. Nxe4 Nd7 5. Nf3 Ngf6 6. Neg5 e6 7. Bd3 Bd6 8. Qe2 h6 9. Ne4 Nxe4 10. Qxe4 Nf6 11. Qe2 0-0 12. Bd2 b6 13. 0-0-0 Qc7 14. g4 Rd8 15. Rhg1 Bf4 16. Ne5 Rxd4 17. Bxf4 Rxf4 18. g5 hxg5 19. Rxg5 Rh4 20. Rdg1 Ne8 21. Qf3 f6 22. Ng6 Rxh2 23. Rh5 Rxh5 24. Qxh5 Qd6 25. Ne5 1-0

[Event "Muensterland op 25th"]
[White "Smolka, Alexander"]
[Black "Korth, Daniel"]
[Site "Senden"]
[Round "6"]
[Result "1/2-1/2"]
[Date "2007.10.03"]
[WhiteElo "2025"]
[BlackElo "2203"]
[PlyCount "82"]
[EventDate "2007.09.29"]
[EventType "swiss"]
[EventRounds "9"]
[EventCountry "GER"]
[SourceTitle "EXT 2008"]
[Source "ChessBase"]
[SourceDate "2007.11.25"]
[SourceVersion "1"]
[SourceVersionDate "2007.11.25"]
[SourceQuality "1"]

1. e4 e5 2. Nf3 Nc6 3. Nc3 Nf6 4. d4 exd4 5. Nxd4 Bb4 6. Nxc6 bxc6 7. Bd3 d5 8. exd5 cxd5 9. 0-0 0-0 10. Bg5 c6 11. Qf3 h6 12. Bxf6 Qxf6 13. Qxf6 gxf6 14. Ne2 Re8 15. Ng3 Re5 16. c3 Bf8 17. Rfe1 Rb8 18. b3 Bd7 19. f4 Re6 20. Bf5 Rd6 21. Bxd7 Rxd7 22. Nf5 a5 23. Kf1 c5 24. Rad1 Rbd8 25. Rd3 Kh7 26. g4 Bd6 27. Nxd6 Rxd6 28. Re7 R6d7 29. Rxd7 Rxd7 30. Kf2 Kg7 31. Kf3 f5 32. h3 Kf6 33. Rd1 Rd6 34. Rd2 Kg6 35. Rd1 fxg4+ 36. hxg4 f5 37. a3 fxg4+ 38. Kxg4 h5+ 39. Kf3 Kf5 40. b4 cxb4 41. cxb4 axb4 1/2-1/2

[Event "Muensterland op 25th"]
[White "Hoffmann, Michael"]
[Black "Smolka, Alexander"]
[Site "Senden"]
[Round "3"]
[Result "1-0"]
[Date "2007.09.30"]
[WhiteElo "2481"]
[BlackElo "2025"]
[PlyCount "43"]
[EventDate "2007.09.29"]
[EventType "swiss"]
[EventRounds "9"]
[EventCountry "GER"]
[SourceTitle "EXT 2008"]
[Source "ChessBase"]
[SourceDate "2007.11.25"]
[SourceVersion "1"]
[SourceVersionDate "2007.11.25"]
[SourceQuality "1"]

1. e4 c5 2. Nf3 Nc6 3. Bb5 Nf6 4. Nc3 Qc7 5. 0-0 Nd4 6. Re1 a6 7. Bf1 Ng4 8. g3 Nxf3+ 9. Qxf3 Ne5 10. Qd1 Nc6 11. Nd5 Qd8 12. c3 e6 13. d4 cxd4 14. cxd4 exd5 15. exd5+ Be7 16. d6 0-0 17. dxe7 Nxe7 18. Bg5 f6 19. Bd2 d6 20. Ba5 Qxa5 21. Rxe7 Qb4 22. Rc1 1-0

[Event "Ruhrgebiet VK2 0708"]
[White "Wolf, Ulrich"]
[Black "Smolka, Alexander"]
[Site "Germany"]
[Round "1.1"]
[Result "1/2-1/2"]
[Date "2007.09.16"]
[WhiteElo "2126"]
[BlackElo "1990"]
[PlyCount "51"]
[EventDate "2007.09.16"]
[EventType "team-tourn"]
[EventRounds "9"]
[EventCountry "GER"]
[SourceTitle "EXT 2009"]
[Source "ChessBase"]
[SourceDate "2008.11.26"]
[SourceVersion "1"]
[SourceVersionDate "2008.11.26"]
[SourceQuality "1"]
[WhiteTeam "Wattenscheid IV"]
[BlackTeam "Dortmund Hansa III"]
[WhiteTeamCountry "GER"]
[BlackTeamCountry "GER"]

1. Nf3 Nf6 2. c4 c5 3. b3 e6 4. Bb2 b6 5. g3 Bb7 6. Bg2 Be7 7. 0-0 0-0 8. d4 cxd4 9. Bxd4 d6 10. Bb2 a6 11. Nc3 Qc7 12. Rc1 Nbd7 13. Qd2 Rac8 14. Rfd1 Rfd8 15. Nd4 Bxg2 16. Kxg2 Qb7+ 17. f3 Bf8 18. e4 Ne5 19. Qe2 Nc6 20. Nc2 Rc7 21. Ne3 Rb8 22. Nb1 Ne8 23. h4 b5 24. Bc3 Ne5 25. Nd2 Nf6 26. Bb2 1/2-1/2

[Event "Dortmund op-A"]
[White "Gutowski, Andre"]
[Black "Smolka, Alexander"]
[Site "Dortmund"]
[Round "6"]
[Result "1/2-1/2"]
[Date "2007.06.28"]
[WhiteElo "2009"]
[BlackElo "2091"]
[PlyCount "31"]
[EventDate "2007.06.22"]
[EventType "swiss"]
[EventRounds "9"]
[EventCountry "GER"]
[SourceTitle "EXT 2008"]
[Source "ChessBase"]
[SourceDate "2007.11.25"]
[SourceVersion "1"]
[SourceVersionDate "2007.11.25"]
[SourceQuality "1"]

1. c4 e5 2. g3 Nc6 3. Nc3 g6 4. Bg2 Bg7 5. e4 d6 6. Nge2 Nge7 7. 0-0 0-0 8. d3 Be6 9. Nd5 Rb8 10. Be3 Nd4 11. Nxd4 exd4 12. Bg5 f6 13. Bd2 c6 14. Nxe7+ Qxe7 15. Qa4 a6 16. Qc2 1/2-1/2

[Event "Dortmund op-A"]
[White "Smolka, Alexander"]
[Black "Gutman, Lev"]
[Site "Dortmund"]
[Round "5"]
[Result "0-1"]
[Date "2007.06.27"]
[WhiteElo "2091"]
[BlackElo "2444"]
[PlyCount "78"]
[EventDate "2007.06.22"]
[EventType "swiss"]
[EventRounds "9"]
[EventCountry "GER"]
[SourceTitle "EXT 2008"]
[Source "ChessBase"]
[SourceDate "2007.11.25"]
[SourceVersion "1"]
[SourceVersionDate "2007.11.25"]
[SourceQuality "1"]

1. e4 c5 2. Nf3 d6 3. d4 cxd4 4. Nxd4 Nf6 5. Nc3 a6 6. Be2 e5 7. Nb3 Be7 8. 0-0 0-0 9. Kh1 Be6 10. f4 b5 11. f5 Bd7 12. Bg5 Bc6 13. Bxf6 Bxf6 14. a4 bxa4 15. Nd2 Nd7 16. Nc4 Nc5 17. Bf3 Rb8 18. Rf2 Rb4 19. b3 axb3 20. cxb3 Nxb3 21. Rb1 Rxc4 22. Qxb3 Rc5 23. Rd2 Qa5 24. Rd3 Bb5 25. Nxb5 Rxb5 26. Qd1 Rxb1 27. Qxb1 Qc5 28. Bd1 g6 29. fxg6 hxg6 30. Bb3 Kg7 31. Rf3 Qb5 32. h3 Bg5 33. Qa2 f5 34. Bc4 Qc6 35. Qxa6 Qxa6 36. Bxa6 Ra8 37. Bb7 Ra1+ 38. Kh2 Re1 39. exf5 e4 0-1

[Event "NRW Class2 0607"]
[White "Muschik, Benedikt"]
[Black "Smolka, Alexander"]
[Site "Germany"]
[Round "6.5"]
[Result "1-0"]
[Date "2007.02.25"]
[WhiteElo "2205"]
[BlackElo "2132"]
[PlyCount "79"]
[EventDate "2006.09.17"]
[EventType "tourn"]
[EventRounds "9"]
[EventCountry "GER"]
[SourceTitle "EXT 2008"]
[Source "ChessBase"]
[SourceDate "2007.11.25"]
[SourceVersion "1"]
[SourceVersionDate "2007.11.25"]
[SourceQuality "1"]
[WhiteTeam "Muenster II"]
[BlackTeam "Bochum 31 II"]
[WhiteTeamCountry "GER"]
[BlackTeamCountry "GER"]

1. d4 Nf6 2. Bf4 e6 3. e3 c5 4. Nf3 cxd4 5. exd4 b6 6. Bd3 Bb7 7. 0-0 Be7 8. Nbd2 0-0 9. c3 d6 10. h3 Re8 11. Re1 Nbd7 12. Rc1 Nf8 13. Qe2 a6 14. Nf1 Ng6 15. Bg3 Nh5 16. Bb1 Nxg3 17. Nxg3 Nf4 18. Qe3 Bg5 19. Nxg5 Qxg5 20. Be4 Bxe4 21. Qxe4 d5 22. Qf3 Ng6 23. Rcd1 Rec8 24. Nf1 Ra7 25. a3 Qd8 26. Rd3 Nh4 27. Qg4 Nf5 28. Ng3 Nxg3 29. Rxg3 Qf8 30. f4 f5 31. Qe2 Rc6 32. Re3 Re7 33. Qxa6 Qb8 34. Re5 Kf7 35. Qe2 Qd6 36. Qh5+ Kg8 37. Qg5 Kf8 38. Qh4 h6 39. g4 fxg4 40. hxg4 1-0

[Event "GER-chT U20"]
[White "Smolka, Alexander"]
[Black "Guddat, Lukas"]
[Site "Cologne"]
[Round "6.5"]
[Result "1-0"]
[Date "2004.12.29"]
[WhiteElo "1977"]
[BlackElo "1580"]
[PlyCount "86"]
[EventDate "2004.12.27"]
[EventType "team-tourn"]
[EventRounds "7"]
[EventCountry "GER"]
[SourceTitle "CBM 104 Extra"]
[Source "ChessBase"]
[SourceDate "2005.03.01"]
[SourceVersion "1"]
[SourceVersionDate "2005.03.01"]
[SourceQuality "1"]
[WhiteTeam "Bochum 31 (U20)"]
[BlackTeam "Herzogenrath (U20)"]
[WhiteTeamCountry "GER"]
[BlackTeamCountry "GER"]

1. e4 d5 2. exd5 Qxd5 3. Nc3 Qa5 4. d4 c6 5. Nf3 Bg4 6. h3 Bh5 7. g4 Bg6 8. Ne5 e6 9. Bg2 Bd6 10. Nc4 Qc7 11. Nxd6+ Qxd6 12. Be3 Nd7 13. Qe2 Ne7 14. 0-0-0 Nb6 15. Bg5 Ned5 16. Ne4 Bxe4 17. Qxe4 Nc4 18. Qd3 Qb4 19. Qb3 Qxb3 20. axb3 Ncb6 21. Rhe1 0-0 22. c4 Nc7 23. Kc2 h6 24. Be7 Rfe8 25. Bd6 Na6 26. Kc3 Rad8 27. Bg3 Rd7 28. b4 Nc7 29. Ra1 Nc8 30. f4 Nd6 31. Re5 a6 32. b3 g6 33. Rae1 Rc8 34. h4 f6 35. R5e2 Kf7 36. Bf3 Rh8 37. f5 gxf5 38. Bxd6 Rxd6 39. gxf5 Rhd8 40. Bh5+ Kf8 41. fxe6 Ke7 42. Rg1 Rxe6 43. Rg7+ Kf8 1-0

[Event "GER-chT U20"]
[White "Smolka, Alexander"]
[Black "Kunth, Andreas"]
[Site "Cologne"]
[Round "2.5"]
[Result "0-1"]
[Date "2004.12.27"]
[WhiteElo "1977"]
[BlackElo "1807"]
[PlyCount "59"]
[EventDate "2004.12.27"]
[EventType "team-tourn"]
[EventRounds "7"]
[EventCountry "GER"]
[SourceTitle "CBM 104 Extra"]
[Source "ChessBase"]
[SourceDate "2005.03.01"]
[SourceVersion "1"]
[SourceVersionDate "2005.03.01"]
[SourceQuality "1"]
[WhiteTeam "Bochum 31 (U20)"]
[BlackTeam "Hettstedt (U20)"]
[WhiteTeamCountry "GER"]
[BlackTeamCountry "GER"]

1. e4 c5 2. Nf3 Nc6 3. d4 cxd4 4. Nxd4 e5 5. Nb5 Nf6 6. N1c3 d6 7. Bg5 a6 8. Na3 Be6 9. Nc4 Rc8 10. Nd5 Bxd5 11. Bxf6 Qxf6 12. Qxd5 b5 13. Ne3 Be7 14. c3 0-0 15. a4 b4 16. Bxa6 Rc7 17. Bb5 bxc3 18. bxc3 Na5 19. 0-0 Rc5 20. Qd1 Qe6 21. Qd3 g6 22. Rad1 f5 23. Nd5 Bd8 24. f4 Kh8 25. fxe5 dxe5 26. Qe3 Rc8 27. Qh6 Qf7 28. exf5 gxf5 29. Bd7 Rc4 30. Rxf5 0-1

[Event "GER-chT U20"]
[White "Smolka, Alexander"]
[Black "Moeller, Hendrik"]
[Site "Ditzingen"]
[Round "3.6"]
[Result "1-0"]
[Date "2003.12.28"]
[WhiteElo "2136"]
[BlackElo "2105"]
[PlyCount "55"]
[EventDate "2003.12.27"]
[EventType "team-swiss"]
[EventRounds "7"]
[EventCountry "GER"]
[SourceTitle "EXT 2022"]
[Source "ChessBase"]
[SourceDate "2021.10.06"]
[SourceVersion "1"]
[SourceVersionDate "2021.10.06"]
[SourceQuality "1"]
[WhiteTeam "Bochum SG 31 U20"]
[BlackTeam "Hamburger SK U20"]
[WhiteTeamCountry "GER"]
[BlackTeamCountry "GER"]

1. e4 c5 2. Nf3 a6 3. c4 e6 4. d4 cxd4 5. Nxd4 Qc7 6. Bd3 b6 7. 0-0 Bb7 8. Qe2 d6 9. Nc3 Nd7 10. f4 Nc5 11. Bc2 Nf6 12. Kh1 Be7 13. e5 Ng8 14. b4 Nd7 15. f5 Nxe5 16. fxe6 f6 17. Ba4+ Kf8 18. Bb3 g6 19. Bd2 Kg7 20. Nd5 Qd8 21. h3 f5 22. Qe3 h6 23. Nxe7 Nxe7 24. Qg3 Qf8 25. c5 Kh7 26. cxd6 N7c6 27. Nxc6 Nxc6 28. Bc3 1-0

[Event "GER-chT U20"]
[White "Smolka, Alexander"]
[Black "Hoerr, Christian"]
[Site "Ditzingen"]
[Round "1.6"]
[Result "1-0"]
[Date "2003.12.27"]
[WhiteElo "2136"]
[BlackElo "1779"]
[PlyCount "77"]
[EventDate "2003.12.27"]
[EventType "team-swiss"]
[EventRounds "7"]
[EventCountry "GER"]
[SourceTitle "EXT 2022"]
[Source "ChessBase"]
[SourceDate "2021.10.06"]
[SourceVersion "1"]
[SourceVersionDate "2021.10.06"]
[SourceQuality "1"]
[WhiteTeam "Bochum SG 31 U20"]
[BlackTeam "Plauen Koenig U20"]
[WhiteTeamCountry "GER"]
[BlackTeamCountry "GER"]

1. e4 d6 2. d4 Nf6 3. Nc3 g6 4. Be3 Bg7 5. Nf3 c6 6. Qd2 b5 7. Bd3 a5 8. Bh6 0-0 9. h3 b4 10. Ne2 Ba6 11. Bxg7 Kxg7 12. Bxa6 Nxa6 13. Ng3 c5 14. c3 Qb6 15. 0-0 Rab8 16. Qg5 Kh8 17. e5 Ng8 18. Qh4 bxc3 19. bxc3 Rb7 20. Ng5 h6 21. e6 fxe6 22. Nxe6 Rf6 23. d5 Nc7 24. Nxc7 Qxc7 25. Rab1 e5 26. dxe6 Rxe6 27. Qg4 Rxb1 28. Rxb1 Qf7 29. Qa4 Qc7 30. Qc4 Re8 31. Qd3 Ne7 32. Qf3 d5 33. Qf6+ Kg8 34. Re1 Qd7 35. Re6 Nf5 36. Qxg6+ Ng7 37. Rf6 Re6 38. Nh5 Qc7 39. Rxe6 1-0

[Event "Ruhrgebiet Regionalliga 0304"]
[White "Smolka, Alexander"]
[Black "Sanftenschneider, Hans Werner"]
[Site "Ruhrgebiet"]
[Round "1.8"]
[Result "1-0"]
[Date "2003.10.05"]
[WhiteElo "1883"]
[BlackElo "1760"]
[PlyCount "38"]
[EventDate "2003.10.05"]
[EventType "team-tourn"]
[EventRounds "9"]
[EventCountry "GER"]
[SourceTitle "EXT 2007"]
[Source "ChessBase"]
[SourceDate "2006.11.23"]
[SourceVersion "1"]
[SourceVersionDate "2006.11.23"]
[SourceQuality "1"]
[WhiteTeam "Bochum 31 II"]
[BlackTeam "Bochum SV 02"]
[WhiteTeamCountry "GER"]
[BlackTeamCountry "GER"]

1. e4 b6 2. d4 e6 3. Bd3 Ba6 4. Nf3 d5 5. exd5 Qxd5 6. 0-0 Bxd3 7. Qxd3 Nf6 8. Nc3 Qd8 9. Ne5 c6 10. Rd1 Qc7 11. Qf3 a6 12. Bg5 Nd5 13. Nxd5 cxd5 14. c4 h6 15. Bh4 Nc6 16. cxd5 Nxe5 17. dxe5 exd5 18. Qxd5 Rc8 19. e6 Bc5 1-0

[Event "Ruhrgebiet VK3 0001"]
[White "Smolka, Alexander"]
[Black "Breidenbach, Olaf"]
[Site "Ruhrgebiet"]
[Round "8"]
[Result "1/2-1/2"]
[Date "2001.02.18"]
[WhiteElo "1929"]
[BlackElo "1909"]
[PlyCount "60"]
[EventDate "2000.09.17"]
[EventType "team-tourn"]
[EventRounds "9"]
[EventCountry "GER"]
[SourceTitle "EXT 2023"]
[Source "ChessBase"]
[SourceDate "2022.10.05"]
[SourceVersion "1"]
[SourceVersionDate "2022.10.05"]
[SourceQuality "1"]
[WhiteTeam "Bochum SG III"]
[BlackTeam "Marten Boevinghausen"]
[WhiteTeamCountry "GER"]
[BlackTeamCountry "GER"]

1. d4 e6 2. e4 d5 3. Nc3 dxe4 4. Nxe4 Nf6 5. Bg5 Be7 6. Bxf6 gxf6 7. Nf3 b6 8. Bd3 Bb7 9. Qe2 c6 10. 0-0-0 Nd7 11. Kb1 Qc7 12. Rhe1 0-0-0 13. Ba6 Nf8 14. g3 Ng6 15. Bxb7+ Kxb7 16. a3 f5 17. Ned2 Bf6 18. Nc4 h5 19. Rd3 h4 20. Red1 Bg7 21. Ncd2 Bf6 22. Nb3 Ka8 23. c4 Rd7 24. Ne1 hxg3 25. hxg3 f4 26. Nc2 Be7 27. g4 Rdd8 28. Qe4 Rc8 29. Rc1 Rh4 30. f3 a5 1/2-1/2